000 00610nam a2200205Ii 4500
003 JO-AjNU
008 230606s9999||||xx |||||||||||||| ||und||
020 _a978-93-329-0146-9
040 _aJO-AjNU
_beng
_erda
_cJO-AjNU
041 _aeng
050 1 4 _aTA683.9.N3.2004
100 3 _aNaaman,Antoine,
_eauthor
_94377
245 0 0 _aPrestressed Concrete Analysis and Design
264 3 1 _aNew York :Mcgraw hill ,2004
300 _a670P
336 _atext
_btxt
_2rdacontent
337 _aunmediated
_bn
_2rdamedia
338 _avolume
_bnc
_2rdacarrier
650 4 _aPrestressed Concrete Analysis - Design
_94378
999 _aE2274
_c2272
_d2272